000 00465nam a2200181Ia 4500
001 3863
005 20260306145714.0
008 260306t2007||||xx |||||||||||||| ||spa||
041 _aESP
082 _a303.69
_bL36
100 _aLederach, John Paul
_eAUT
245 0 _aLa imaginacion moral:
_bel arte y el alma de la construcción de la paz
260 _c2007
300 _a268 páginas :
_c22 cm.
650 _aGEN
654 _aCHU
942 _cLIB
_dJUS
_fJUS
_2ddc
_n
999 _c3863
_d3863